|
|
|
|
| LEADER |
00637nam a2200193 4500 |
| 020 |
|
|
|
| 082 |
|
|
|a M040 VID-90
|
| 100 |
|
|
|a Vidia panicker, M S
|
| 245 |
|
|
|a Biochemical response of the fresh water mussel, Lamellidens Marginalis to salinity stress
|
| 250 |
|
|
|
| 260 |
|
|
|a Department of Zoology, University of KeralaDepartment of Zoology, University of Kerala
|c 1990
|
| 300 |
|
|
|
| 490 |
|
|
|a Dr. Mathew M Oommen
|
| 500 |
|
|
|
| 590 |
|
|
|a ABHI
|
| 650 |
|
|
|a MSc Dissertations
|
| 942 |
|
|
|c DISS
|
| 999 |
|
|
|c 93580
|d 93580
|
| 952 |
|
|
|0 0
|1 0
|4 0
|6 M_040_000000000000000_VID90
|7 0
|9 107048
|a ZGY
|b ZGY
|l 0
|o M040 VID-90
|p ZGYM040
|r 2019-09-25
|w 2019-09-25
|y DISS
|